Occitanie: villes de plus de 50 000 habitants - Statistiques

Statistiques générales
  • Ce quiz a été pris 88 fois
  • Le résultat moyen est 7 sur 8
Statistiques - réponses
Classement Population Département Nom de la commune % Correct
1 511 000 31 Toulouse
100%
2 307 000 34 Montpellier
99%
4 120 000 66 Perpignan
91%
5 80 000 34 Béziers
85%
3 150 000 30 Nîmes
84%
6 62 000 82 Montauban
82%
8 50 000 81 Albi
79%
7 56 000 11 Narbonne
78%
Aucun quiz correspondant
Distribution des résultats
% des personnes avec chaque résultat
Percentile par nombre de réponses
Votre historique - résultats
Vous n’avez pas pris ce quiz